| 000 | 00990nam a2200229Ia 4500 | ||
|---|---|---|---|
| 999 |
_c38564 _d38564 |
||
| 001 | 4680 | ||
| 003 | GE_BSU | ||
| 005 | 20190710163123.0 | ||
| 008 | 181216sge ||||geo|||||||||||||| ||geo|| | ||
| 040 | _cGE_BSU | ||
| 041 | _ageo | ||
| 080 | _a338.22(075.8) + 339.924 შ-48 | ||
| 100 |
_aშენგელია, თეიმურაზ _9814 |
||
| 245 |
_aგლობალური ბიზნესი = Global business : _bსახელმძღვ. სტუდ. / _c თეიმურაზ შენგელია ; რედ. რევაზ გველესიანი |
||
| 264 |
_aთბილისი : _b,,უნივერსალი'' ; _c2012. |
||
| 300 |
_a639 გვ. : _bცხრ.ფოტ. ; _c24 სმ. |
||
| 541 | _h37ლ. 50 თ. | ||
| 653 | _aგლობალური ბიზნესი | ||
| 653 | _aბიზნესი | ||
| 700 |
_aგველესიანი, რევაზ _eრედაქტორი _93195 |
||
| 942 |
_cBK _2udc |
||